[Event "Rostock op"]
[Site "Rostock"]
[Date "2009.08.29"]
[Round "5"]
[White "Tomczak, Rafal"]
[Black "Szelag, Marcin"]
[Result "0-1"]
[WhiteElo "2345"]
[BlackElo "2466"]
[PlyCount "106"]
[EventDate "2009.08.27"]
[EventType "swiss"]
[EventRounds "7"]
[EventCountry "GER"]
[SourceTitle "CBM 132 Extra"]
[Source "ChessBase"]
[SourceDate "2009.11.03"]
[SourceVersion "1"]
[SourceVersionDate "2009.11.03"]
[SourceQuality "1"]

1. e4 c5 2. Nf3 d6 3. c3 Nf6 4. d3 e6 5. Bg5 Be7 6. Nbd2 Nc6 7. Be2 0-0 8. 0-0 d5 9. Re1 h6 10. Bh4 b6 11. Bf1 Bb7 12. Qc2 Re8 13. Rad1 Rc8 14. h3 Qd7 15. Bg3 b5 16. d4 cxd4 17. Bxb5 dxc3 18. bxc3 Nb4 19. Bxd7 Nxc2 20. Bxc8 Rxc8 21. Rb1 Nxe1 22. Rxb7 Nxf3+ 23. gxf3 Bc5 24. Be5 Bb6 25. a4 dxe4 26. fxe4 Rd8 27. Nc4 Nxe4 28. Nxb6 axb6 29. Rxb6 Rd5 30. Rb5 Nc5 31. f4 f6 32. Bd4 Nxa4 33. Rb8+ Kf7 34. Rb7+ Kg6 35. Re7 Nc5 36. Kg2 Nd3 37. Kf3 Kf5 38. Be3 g5 39. c4 Ra5 40. fxg5 hxg5 41. Rc7 Ne5+ 42. Kg2 Ra2+ 43. Kg3 Ra3 44. Kf2 Ke4 45. Bb6 Rxh3 46. c5 Rc3 47. Rc8 f5 48. Kg2 Rc2+ 49. Kh1 Nf3 50. Rh8 g4 51. Rh6 Rc1+ 52. Kg2 Rg1+ 53. Kf2 g3+ 0-1

[Event "Rostock op"]
[Site "Rostock"]
[Date "2009.08.27"]
[Round "2"]
[White "Jeske, Holger"]
[Black "Tomczak, Rafal"]
[Result "1/2-1/2"]
[WhiteElo "1980"]
[BlackElo "2345"]
[PlyCount "106"]
[EventDate "2009.08.27"]
[EventType "swiss"]
[EventRounds "7"]
[EventCountry "GER"]
[SourceTitle "CBM 132 Extra"]
[Source "ChessBase"]
[SourceDate "2009.11.03"]
[SourceVersion "1"]
[SourceVersionDate "2009.11.03"]
[SourceQuality "1"]

1. e4 c5 2. Nf3 d6 3. Be2 Nf6 4. d3 Nc6 5. c3 g6 6. 0-0 Bg7 7. h3 0-0 8. Be3 Bd7 9. Nbd2 Rc8 10. Rc1 b5 11. a3 Qa5 12. d4 cxd4 13. cxd4 Ne8 14. d5 Ne5 15. Rxc8 Bxc8 16. Bd4 f5 17. Ng5 f4 18. Qc1 Bd7 19. b4 Qa6 20. Bxe5 Bxe5 21. Bg4 Bxg4 22. hxg4 Nf6 23. Qc7 Re8 24. Ndf3 Qc8 25. Rc1 Qxg4 26. Ne6 h5 27. Nxe5 dxe5 28. Qxe5 f3 29. Nf4 g5 30. Qe6+ Qxe6 31. Nxe6 Nxe4 32. gxf3 Nd2 33. Kg2 Nc4 34. a4 Rc8 35. Nc5 Nb6 36. Re1 Nxd5 37. Re5 Nf4+ 38. Kg3 Kf7 39. Rxg5 Ne2+ 40. Kh4 bxa4 41. Rf5+ Kg6 42. Rg5+ Kf6 43. Ne4+ Kf7 44. Rf5+ Ke6 45. Ra5 Rc1 46. Nc5+ Kf6 47. Ne4+ Kf7 48. Rxa4 Rh1+ 49. Kg5 h4 50. Kg4 Nd4 51. Ng5+ Kf6 52. Ra6+ e6 53. f4 Rg1+ 1/2-1/2